000 00377nam a22001217a 4500
999 _c152
_d152
005 20200811164842.0
008 200810b ||||| |||| 00| 0 eng d
020 _a423448501HB
040 _cCML
245 _aExamining the Evidence Nineteeth Century England.
_cCowie, L.W
260 _aLondon
_bMethuen Educational
_c1973
942 _2ddc
_cBK
_e1st Edition
_h274
_mCOW